| 000 | 00719nam a2200217 a 4500 | ||
|---|---|---|---|
| 001 | 000008221 | ||
| 005 | 20200929154505.0 | ||
| 008 | 090915s1982 dr a 001 0 spa d | ||
| 040 | _aDO-SdBNP | ||
| 082 |
_axxx _bD186i |
||
| 100 | 1 |
_aDanín Lobo, Luis Carlos _922286 |
|
| 245 | 1 | 0 |
_aIntroducción al estudio de organización y métodos / _cLuis Carlos Danín Lobo; prólogo Luis Scheker Ortiz. |
| 250 | _a3a ed. | ||
| 260 |
_aSanto Domingo : _bONAP, _c1982. |
||
| 300 |
_a93 p. : _bil ; _c22 cm. |
||
| 490 | 1 |
_aEstudios administrativos _v2 |
|
| 504 | _aIncluye referencias bibliográficas [p. 86-93] | ||
| 700 | 1 |
_aScheker Ortiz, Luis _epról. _99515 |
|
| 830 | 0 |
_aEstudios administrativos _n2 _922287 |
|
| 049 | _aBNPD | ||
| 999 |
_c7992 _d7992 |
||